|
|
|
|
| LEADER |
00000nab a2200000 a 4500 |
| 001 |
vtls000716699 |
| 003 |
SK-MaSNL |
| 005 |
20260304110615.0 |
| 008 |
250429c1999 xo 0 slo |
| 015 |
|
|
|a SNBRB2000/03-08979
|
| 035 |
|
|
|a CLN000068866
|
| 035 |
|
|
|a urn:nbn:sk:snk-abjjq
|
| 035 |
|
|
|a (urnnbn)urn:nbn:sk:snk:ar-a03nqm
|
| 035 |
|
|
|a (uuid)40d6466b-0b7c-40f0-ab5d-6a1124a5745f
|
| 040 |
|
|
|a SNKBUCL
|b slo
|c SNKBUCL
|e AACR2
|
| 041 |
0 |
|
|a eng
|
| 044 |
|
|
|a xo
|c SK
|
| 080 |
|
|
|a 621.31-52:519.71:681.3
|2 1997
|
| 080 |
|
|
|a 519.71
|2 1997
|
| 100 |
1 |
|
|a Kolcun, Michal,
|d 1954-
|4 aut
|9 99288
|
| 245 |
1 |
0 |
|a Neural network based contingency analysis
|c Michal Kolcun, Radoslav Benč, Peter Szathmáry
|
| 300 |
|
|
|b Obr., tab.
|
| 504 |
|
|
|a Bibliogr. odkazy
|
| 504 |
|
|
|a Biogr. údaje
|
| 650 |
0 |
7 |
|a sústavy energetické
|x riadenie
|x siete neurónové umelé
|2 snkbucl
|9 1374834
|
| 650 |
0 |
7 |
|a siete neurónové umelé
|2 snkbucl
|9 862027
|
| 655 |
|
7 |
|a články z novín a časopisov
|2 snkbucl
|9 267496
|
| 700 |
1 |
|
|a Benč, Radoslav
|4 aut
|9 794621
|
| 700 |
1 |
|
|a Szathmáry, Peter
|4 aut
|9 765936
|
| 773 |
0 |
|
|t Journal of electrical engineering
|g Roč. 50, č. 7-8 (1999), s. 249-251
|x 1335-3632
|
| 850 |
|
|
|a Slovenská národná knižnica
|
| 852 |
|
|
|a Slovenská národná knižnica
|
| 958 |
|
|
|a article27
|
| 958 |
|
|
|a NB
|
| 958 |
|
|
|a OND
|
| 958 |
|
|
|a EUIPO
|
| 999 |
|
|
|c 2860788
|d 2862718
|